Vyhrávajú firmy s jasným programom

Prezident Zväzu strojárskeho priemyslu SR Ing. Milan Cagala, CSc. o súčasnosti a perspektívach slovenských strojárskych firiem.

Gespeichert in:
Bibliographische Detailangaben
1. Verfasser: Cagala, M.
Weitere Verfasser: Oujezdská, L.
Format: Buchkapitel
Sprache:Slowakisch
Schlagworte:
Tags: Tag hinzufügen
Keine Tags, Fügen Sie das erste Tag hinzu!

MARC

LEADER 00000naa a2200000 4500
001 r021265
005 20230801104630.0
041 0 |a slo 
044 |a SK 
245 1 0 |a Vyhrávajú firmy s jasným programom  |c M. Cagala, L. Oujezdská 
520 |a Prezident Zväzu strojárskeho priemyslu SR Ing. Milan Cagala, CSc. o súčasnosti a perspektívach slovenských strojárskych firiem. 
610 2 0 |a Slovensko 
610 2 0 |a 1990-1996 
610 2 0 |a priemysel strojársky 
100 1 |a Cagala, M. 
700 1 |a Oujezdská, L.